Регионална библиотека "Любен Каравелов" - Русе

Пенсионното осигуряване в България (Запис номер 119934)

MARC детайли
000 -Лидер
Контролно поле с фиксирана дължина 01475nam a2200337 c 4500
003 - Код на организацията, давaща контролен номер
Контролно поле BLK
005 - Дата и час на последна редакция
Контролно поле 20180420231429.0
008 - Елементи от данни с фиксирана дължина
fixed length control field 180409b bul|||||r ||||||| ||bul||
010 ## - Наследен системен номер
LC control number KNG00125550000
040 ## - Източник на каталожния запис
Идентификатор на билиотеката - собственик на записа BLK
041 ## - Код за език
Код за езика на текст/звукозапис или на отделно заглавие Български
Код за езика КДБФ Български
080 ## - УДК
Текстов определител УДК Социално осигуряване при старост, инвалидност. Пенсии
УДК код - определител по УДК 368.43
УДК определител :351.83(497.2)
УДК - код + определител 368.43:351.83(497.2)
100 1# - Редна дума - Автор
Автор Ангелова, Велика Стоева
Авторска отговорност първи автор
R(LIN) 316391
139 ## - Редно поле
Редна дума Ангелова, Велика Стоева
Авторски знак Ан - А 64
245 10 - Сведения за заглавието
Заглавие Пенсионното осигуряване в България
Подзаглавни данни Очерк
Редно поле (дума) Велика Стоева Ангелова.
257 ## - Страна на издаване
Страна на създаване/издаване България
260 ## - Област на издателските данни
-- София
Име на издателя, разпространителя и проч. Профиздат
Година на издаване 1979
300 ## - Физическа характеристика
Страници 160 с.
Илюстрации и др. с табл.
Размери/Мащаб 17 см
380 ## - Жанр
Жанр Обществени науки
490 1# - СЕРИИ (Колекции)
Име на серия Библиотека за профсъюзния актив
№: серия 1
650 #4 - Допълнително описание по предмет – тема
Основно описание – тема или топоним Пенсии - България - обществено осигуряване
9 (RLIN) 315851
650 #4 - Допълнително описание по предмет – тема
Основно описание – тема или топоним Трудово законодателство - България
9 (RLIN) 248378
651 #4 - Допълнително описание по предмет - топоним
Географско понятие България
9 (RLIN) 241624
653 ## - Ключова дума – ненормативна
Ключова дума пенсионно осигуряване
653 ## - Ключова дума – ненормативна
Ключова дума трудово законодателство
852 ## - Местоположение
Форматна сигнатура Цб І 16965
856 4# - Електронен адрес и достъп
Електронен формат pdf - файл
Път до файла /url/
856 4# - Електронен адрес и достъп
Електронен формат pdf - файл
Път до файла /url/
942 ## - АРТИКУЛИ
Вид на библиотечния материал Книги
Скрит в OPAC Не
944 ## - СЪЗДАВАНЕ И РЕДАКЦИЯ на ЗАПИСА
Създаване/Редакция Създаване
Дата на регистрацията/редакция 07.09.2011
Статус, дата на статуса 07.09.2011 - от С1,Р / 07.09.2011
Служител, извършил регистрацията/редакцията Виолета_Тройчева
944 ## - СЪЗДАВАНЕ И РЕДАКЦИЯ на ЗАПИСА
Създаване/Редакция Редакция
Дата на регистрацията/редакция 07.09.2011
Статус, дата на статуса 07.09.2011 - от С1,Р / 07.09.2011
Служител, извършил регистрацията/редакцията
999 ## - СИСТЕМНИ КОНТРОЛНИ НОМЕРА
Koha biblionumber 119934
Koha biblioitemnumber 119934
Наличности
Код за отписване Код за изгубен артикул Източник на класификационната схема Код за повреда Коз за рестрикции Код за отдаване Артикулен № Име на библиотеката - собственик Име на библиотеката, в която се намира в момента Статус (Текущо местоположение) Дата на вписване в системата Местоположение - отдел Цена в лева Инвентарен номер Систематично азбучна сигнатура Баркод Номер на екземпляра Цена в евро Служебна бележка Служебен тип на артикула
  Не е изгубен Universal Decimal Classification Не е повреден само за читалня ползва се в читалня 193423 Регионална библиотека "Любен Каравелов" Русе Регионална библиотека "Любен Каравелов" Русе Хранилище 1979-01-01 Хранилище 0.35 273944 Цб І 16965 120000273944 1 0.18 Дост: Dp Вид: Д N: стар фонд Дата: 01.01.1979 Книги
Vip Innovations Ltd, Rousse, Bulgaria 2025